| 000 | 00533nam a2200205Ia 4500 | ||
|---|---|---|---|
| 003 | GCL | ||
| 008 | 140319s9999 xx 000 0 eng d | ||
| 040 |
_aGCL / _cGCL |
||
| 082 | 0 | 4 |
_a956.1015 _bC I |
| 100 | 1 | _aCHILDS, TIMOTHY W. | |
| 245 | 1 | 0 |
_aITALO TURKISH DIPLOMACY AND THE WAR OVER LIBYA 1911-1912 / _cCHILDS, TIMOTHY W. |
| 260 |
_a[S.N] : _bE. J. BRILL ، _c1990 |
||
| 300 | _a271 PP | ||
| 650 | 0 | 4 | _aLIBYA |
| 650 | 0 | 4 | _aOTTOMAN |
| 650 | 0 | 4 | _aEMPIRE |
| 650 | 0 | 4 | _aITALY |
| 650 | 0 | 4 | _aITALIAN DIPLOMACY |
| 942 |
_2ddc _cBK |
||
| 999 |
_c16880 _d16880 |
||